Inventarizácia v samospráve - rozsah vnútorného predpisu
Predpokladom efektívnej realizácie projektu inventarizácie je existencia vnútorného predpisu spracovaného na podmienky konkrétnej účtovnej jednotky vykonávajúcej inventarizáciu. Tento príspevok nadväzuje na tematiku inventarizácie v predchádzajúcom čísle časopisu a zameriava sa na rozsah vnútorného...
Salvato in:
| Autore principale: | |
|---|---|
| Natura: | Capitolo di libro |
| Lingua: | slovacco |
| Soggetti: | |
| Tags: |
Nessun Tag, puoi essere il primo ad aggiungerne!!
|
MARC
| LEADER | 00000naa a2200000 4500 | ||
|---|---|---|---|
| 001 | 0305378 | ||
| 005 | 20241129120441.6 | ||
| 041 | 0 | |a slo | |
| 044 | |a SK | ||
| 245 | 1 | 0 | |a Inventarizácia v samospráve - rozsah vnútorného predpisu |c Miriam Majorová |
| 520 | |a Predpokladom efektívnej realizácie projektu inventarizácie je existencia vnútorného predpisu spracovaného na podmienky konkrétnej účtovnej jednotky vykonávajúcej inventarizáciu. Tento príspevok nadväzuje na tematiku inventarizácie v predchádzajúcom čísle časopisu a zameriava sa na rozsah vnútorného predpisu. | ||
| 610 | 2 | 0 | |a inventarizácia |
| 610 | 2 | 0 | |a samospráva |
| 610 | 2 | 0 | |a jednotka účtovná |
| 610 | 2 | 0 | |a legislatíva |
| 610 | 2 | 0 | |a zákony |
| 610 | 2 | 0 | |a účtovníctvo |
| 100 | 1 | |a Majorová, Miriam | |